Personajes de Los Simpson - 3 - Estadísticas

Estadísticas generales
  • Esta prueba ha sido intentada 369 veces
  • La puntuación promedio es 7 de 20
Estadísticas de respuestas
Imagen Respuesta % Correcto
Pica
78%
Rasca
77%
Jimbo
67%
Tony el Gordo
66%
Cletus
62%
Inspector Chalmers / Gary Chalmers
50%
Luigi
50%
Hans Topo
42%
Maude Flanders
40%
Profesor Frink
40%
Dependiente de la tienda de cómics / Jeff Albertson
31%
Kirk Van Houten
25%
Helen Lovejoy
22%
Kearney
19%
Dolph
16%
Jasper
16%
Profesor Largo / Dewey Largo
14%
Piernas
11%
Juez Snyder
6%
Louie
5%
No se encontraron pruebas coincidentes
Distribución de puntuación
Porcentaje de gente con cada puntuación
Porcentaje por número respondido
Historial de tus puntuaciones
No has intentado esta prueba.